| 000 | 00618nam a22001815i 4500 | ||
|---|---|---|---|
| 001 | 152533 | ||
| 003 | ES-MaACL | ||
| 005 | 20230906204802.0 | ||
| 008 | 981002s1900 fr |||| | fre d | ||
| 040 |
_aGA _bspa _cCCPB | 3D |
||
| 100 | 1 |
_aBourdeau, Louis. _930956 |
|
| 245 | 1 | 3 |
_aLe problème de la mort _b: ses solutions imaginaires et la science positive / _cpar Louis Bourdeau. |
| 250 | _a3ème éd. rev. et augm. | ||
| 260 |
_aParis : _bFélix Alcan, _c1900 ( _eTours : _fImp. E. Arrault et Cie.) |
||
| 300 |
_a358 p. ; _c23 cm. |
||
| 752 |
_aFrancia - _d, París |
||
| 852 |
_aES-MaACL _jB-6218 _z-- Enc. hol. |
||
| 999 |
_c152533 _d152533 |
||